00616nam a2200193Ia 450000500170000000800460001703700120006304000200007504100130009508400230010810000220013124500580015326000370021130000100024865000140025894200230027299900210029595201060031620250508151418.0008 250505s9999 xx 000 0 eng d aTextual aFEDLbengcFEDL aeng2eng a330.973, CLOqFEDL aClough Shepard B. 0aAmerican way : The economic basis of our civilization aNew York, USAbThomas Y. Crowell a246p. aEconomics cTEXLh330.973, CLO c1329620d1329620 00104070aFEDLbFEDLd2025-05-08l0o330.973, CLOpEL0010245r2025-05-08 15:14:18w2025-05-08yTEXL